000 00684cam a2200205 a 4500
001 000002758
005 20200929150243.0
008 850624s1963 ag 001 p spa
040 _aDO-SdBNP
_bspa
_cBNPHU
082 _a831.6
_bS334p
100 1 _aSchiller, Federico,
_d1759-1805.
_98690
245 1 0 _aPoesía ingenua y poesía sentimental /
_cFederico Schiller; estudio preliminar, Robert Leroux.
260 _aBuenos Aires :
_bNova,
_c1963.
300 _a191, [2] p. ;
_c21 cm.
490 1 _aLa vida del espíritu.
650 4 _aPoesía alemana
_ySIGLO XVIII
_98691
650 4 _aLiteratura alemana
_93274
700 1 _aLeroux, Robert
_98692
830 3 _aLa vida del espíritu.
_98693
999 _c2592
_d2592